<?xml version="1.0" encoding="UTF-8"?>
<record
    xmlns:xsi="http://www.w3.org/2001/XMLSchema-instance"
    xsi:schemaLocation="http://www.loc.gov/MARC21/slim http://www.loc.gov/standards/marcxml/schema/MARC21slim.xsd"
    xmlns="http://www.loc.gov/MARC21/slim">

  <leader>00356nam a2200121Ia 4500</leader>
  <controlfield tag="008">180201s9999||||xx |||||||||||||| ||und||</controlfield>
  <datafield tag="020" ind1=" " ind2=" ">
    <subfield code="c">NT350</subfield>
    <subfield code="a">978-986-6001-71-0</subfield>
  </datafield>
  <datafield tag="100" ind1=" " ind2=" ">
    <subfield code="a">&#x5F35;&#x5982;&#x674F;</subfield>
  </datafield>
  <datafield tag="245" ind1=" " ind2="0">
    <subfield code="c">&#x5F35;&#x5982;&#x674F;</subfield>
    <subfield code="a">&#x7CBE;&#x795E;&#x91AB;&#x7642;&#x793E;&#x6703;&#x5DE5;&#x4F5C;&#x7406;&#x8AD6;&#x8207;&#x5BE6;&#x52D9;&#xFF1A;&#x517C;&#x8FF0;&#x5FC3;&#x7406;&#x885B;&#x751F;&#x793E;&#x6703;&#x5DE5;&#x4F5C;</subfield>
  </datafield>
  <datafield tag="250" ind1=" " ind2=" ">
    <subfield code="a">&#x521D;&#x7248;</subfield>
  </datafield>
  <datafield tag="260" ind1=" " ind2=" ">
    <subfield code="c">2016.01</subfield>
    <subfield code="a">&#x53F0;&#x5317;&#x5E02;</subfield>
  </datafield>
  <datafield tag="300" ind1=" " ind2=" ">
    <subfield code="c"> cm.</subfield>
    <subfield code="a"> p.</subfield>
  </datafield>
  <datafield tag="942" ind1=" " ind2=" ">
    <subfield code="2">ccl</subfield>
    <subfield code="c">BOOK</subfield>
  </datafield>
  <datafield tag="999" ind1=" " ind2=" ">
    <subfield code="c">1077</subfield>
    <subfield code="d">1077</subfield>
  </datafield>
  <datafield tag="952" ind1=" " ind2=" ">
    <subfield code="0">0</subfield>
    <subfield code="1">0</subfield>
    <subfield code="2">ccl</subfield>
    <subfield code="4">0</subfield>
    <subfield code="7">0</subfield>
    <subfield code="a">yeezen</subfield>
    <subfield code="b">yeezen</subfield>
    <subfield code="d">2018-02-01</subfield>
    <subfield code="l">0</subfield>
    <subfield code="o">547.17 </subfield>
    <subfield code="p">C02323</subfield>
    <subfield code="r">2018-02-01 00:00:00</subfield>
    <subfield code="w">2018-02-01</subfield>
    <subfield code="y">BOOK</subfield>
    <subfield code="z">&#x672C;&#x66F8;&#x5171;&#x5206;&#x6210;&#x56DB;&#x5927;&#x90E8;&#x5206;&#xFF0C;&#x7B2C;&#x4E00;&#x7BC7;&#xFF62;&#x7CBE;&#x795E;&#x91AB;&#x7642;&#x8207;&#x5FC3;&#x7406;&#x885B;&#x751F;&#x300D;&#xFF0C;&#x91DD;&#x5C0D;&#x5FC3;&#x7406;&#x885B;&#x751F;&#x7684;&#x904E;&#x53BB;&#x3001;&#x73FE;&#x6CC1;&#x3001;&#x653F;&#x7B56;&#x8207;&#x798F;&#x5229;&#x67B6;&#x69CB;&#x3001;&#x7CBE;&#x795E;&#x91AB;&#x7642;&#x76F8;&#x95DC;&#x6CD5;&#x898F;&#xFF0C;&#x66F4;&#x5EE3;&#x6CDB;&#x5730;&#x8A8D;&#x8B58;&#x53F0;&#x7063;&#x7CBE;&#x795E;&#x91AB;&#x7642;&#x8207;&#x5FC3;&#x7406;&#x885B;&#x751F;&#x767C;&#x5C55;&#x3002;&#x7B2C;&#x4E8C;&#x7BC7;&#xFF62;&#x7CBE;&#x795E;&#x75BE;&#x75C5;&#x8207;&#x6CBB;&#x7642;&#x300D;&#xFF0C;&#x4ECB;&#x7D39;&#x7CBE;&#x795E;&#x75BE;&#x75C5;&#x7684;&#x75C5;&#x7406;&#x5B78;&#x3001;&#x8A3A;&#x65B7;&#x7B49;&#xFF0C;&#x4EE5;&#x6700;&#x65B0;&#x7684;DSM-5&#x6982;&#x5FF5;&#x8AAA;&#x660E;&#x75BE;&#x75C5;&#x7684;&#x5B9A;&#x7FA9;&#x3002;&#x7B2C;&#x4E09;&#x7BC7;&#xFF62;&#x793E;&#x6703;&#x5DE5;&#x4F5C;&#x5BE6;&#x52D9;&#x7406;&#x8AD6;&#x8207;&#x65B9;&#x6CD5;&#x300D;&#xFF0C;&#x4ECB;&#x7D39;&#x7CBE;&#x795E;&#x91AB;&#x7642;&#x9AD4;&#x7CFB;&#x7684;&#x793E;&#x6703;&#x5DE5;&#x4F5C;&#x5BE6;&#x52D9;&#x72C0;&#x6CC1;&#xFF0C;&#x4EE5;&#x53CA;&#x7CBE;&#x795E;&#x91AB;&#x7642;&#x7684;&#x8655;&#x9047;&#x6A21;&#x5F0F;&#x3002;&#x7B2C;&#x56DB;&#x7BC7;&#xFF62;&#x5FC3;&#x7406;&#x885B;&#x751F;&#x65B9;&#x6848;&#x8207;&#x672A;&#x4F86;&#x300D;&#x4ECB;&#x7D39;&#x5404;&#x985E;&#x793E;&#x5340;&#x5FA9;&#x5065;&#x65B9;&#x6848;&#x53CA;&#x8A55;&#x9451;&#x3001;&#x63A2;&#x8A0E;&#x7CBE;&#x795E;&#x91AB;&#x7642;&#x793E;&#x6703;&#x5DE5;&#x4F5C;&#x8207;&#x91AB;&#x52D9;&#x793E;&#x6703;&#x5DE5;&#x4F5C;&#x7684;&#x767C;&#x5C55;&#xFF0C;&#x4EE5;&#x53CA;&#x4ECB;&#x7D39;&#x91AB;&#x7642;&#x9662;&#x6240;&#x7684;&#x7CBE;&#x795E;&#x91AB;&#x7642;&#x6A21;&#x5F0F;&#x3001;&#x7CBE;&#x795E;&#x91AB;&#x7642;&#x793E;&#x6703;&#x5DE5;&#x4F5C;&#x7684;&#x767C;&#x5C55;&#x7B49;&#x7B49;&#x3002;&#x5E0C;&#x671B;&#x672C;&#x66F8;&#x53EF;&#x4EE5;&#x5354;&#x52A9;&#x521D;&#x5B78;&#x8005;&#x77AD;&#x89E3;&#x53F0;&#x7063;&#x5FC3;&#x7406;&#x885B;&#x751F;&#x7684;&#x904E;&#x53BB;&#x548C;&#x73FE;&#x72C0;&#xFF0C;&#x63D0;&#x4F9B;&#x5BE6;&#x52D9;&#x65B9;&#x6CD5;&#x8207;&#x6280;&#x8853;&#x7D66;&#x6709;&#x8208;&#x8DA3;&#x7684;&#x5B78;&#x7FD2;&#x8005;&#x53C3;&#x8003;&#x3002;</subfield>
  </datafield>
</record>
